000 00847nas a2200265 4500
001 BR2012004684
003 BR-BrBNA
005 20231205120756.0
007 ta
008 230509b bl.|||p| |||| 00| 00por d
040 _aBR-BrBNA
_bpor
_cBiblioteca Nacional de Agricultura
041 _a(En)
072 _aQ03; Q02
100 1 _aLana, M.M.
100 1 _aChaves, D.V.
100 1 _aFinger, F.L.
245 1 _aResponse of carrot roots to wounding stress induced by processing - changes in chemical composition and enzyme activity
650 _aDAUCUS CAROTA
650 _aCENOURA
650 _aPROCESSAMENTO MÍNIMO
650 _aENZIMA
773 0 _tBrazilian Journal of Food Technology (Brazil)
_xISSN 1519-0900
_g(Jan-Mar 2011), v.14(1) p. 31-40
_wBR2012004684
909 _a202311
_bLúcia
_c55
_dLúcia Elande
942 _2AGRIS
_n0
_cANA
999 _c220251
_d220251